On Modern Authority (Record no. 2783)

MARC details
000 -LEADER
fixed length control field 00331nam a22001337a 4500
008 - FIXED-LENGTH DATA ELEMENTS--GENERAL INFORMATION
fixed length control field 250327b |||||||| |||| 00| 0 eng d
020 ## - INTERNATIONAL STANDARD BOOK NUMBER
ISBN 0710810172
100 ## - MAIN ENTRY--AUTHOR
Author DOCHERTY, Thomas
245 ## - TITLE STATEMENT
Title On Modern Authority
260 ## - PUBLICATION, DISTRIBUTION, ETC. (IMPRINT)
Place of publication New York
Name of publisher St, Martins Press Inc.
Date of publication 1987
300 ## - COLLATION
Pagination viii, 310p.
942 ## - ADDED ENTRY ELEMENTS (KOHA)
Item type Books
050 ## - LIBRARY OF CONGRESS CALL NUMBER
Classification number PN56
Item number .D63
Holdings
Source of classification or shelving scheme Not for loan Permanent location Current location Date acquired Accession No. Full call number Barcode. Koha item type
Library of Congress Classification   Samuel Ogbemudia Main Library, University of Abuja Samuel Ogbemudia Main Library, University of Abuja 03/27/2025 90/000278 PN56.D63 2025-1084 Books
Library of Congress Classification   Samuel Ogbemudia Main Library, University of Abuja Samuel Ogbemudia Main Library, University of Abuja 03/27/2025 90/000278 PN56.D63 2025-1085 Books